| 000 | 00499nam a2200193Ia 4500 | ||
|---|---|---|---|
| 008 | 220531s9999 xx 000 0 und d | ||
| 041 | _aeng | ||
| 082 |
_a657 _bAGR / SRI |
||
| 100 |
_aAgrawal, R. / Srinivasan, R. _969071 |
||
| 245 | _aAccounting Made Easy | ||
| 250 | _a2ND | ||
| 260 |
_aNew Delhi _bMcGraw-Hill _c2014 |
||
| 300 | _a199 | ||
| 542 | _d04-09-2014 | ||
| 551 |
_aCommerce _bNon-grant--C |
||
| 650 |
_aAccountancy _969072 |
||
| 906 |
_d2014-2015 _f1045 |
||
| 999 |
_c38767 _d38767 |
||